El grado cero de la escritura y nuevos ensayos críticos

Uloženo v:
Podrobná bibliografie
Hlavní autor: Barthes, Roland (Autor)
Médium: Kniha
Jazyk:španělština
Vydáno: Buenos Aires Siglo XXI 2011
Vydání:2a. ed
Edice:Biblioteca Clásica de Siglo Veintiuno
Témata:
Tagy: Přidat tag
Žádné tagy, Buďte první, kdo vytvoří štítek k tomuto záznamu!

MARC

LEADER 00000cam a2200000 a 4500
001 UCF1909
003 CL-VaPUC
008 120802e20110000AG |||||||||||||||||spa|d
020 |a 9789876291309 
082 0 4 |a 844  |b BAR  |2 21 
100 |a Barthes, Roland  |e author  |9 265510 
245 1 3 |a El grado cero de la escritura y nuevos ensayos críticos 
250 |a 2a. ed 
300 |a 176 p 
942 |c BK 
945 |d 20120802 00:00:00  |a cmena 
260 |a Buenos Aires  |b Siglo XXI  |c 2011 
650 0 |a Ensayos franceses  |9 265511 
650 0 |a Literatura francesa  |9 266330 
583 |a last modification  |c 20120802 10:35:00  |k Rodrigo Vera 
490 0 |a Biblioteca Clásica de Siglo Veintiuno 
999 |c 348595  |d 348593 
952 |0 0  |1 0  |4 0  |6 844_000000000000000_BAR_2011  |7 0  |8 A  |9 450680  |a BIBART  |b BIBART  |d 2019-11-22  |i 4883365  |o 844 BAR 2011  |p 4883365  |r 2025-03-13  |w 2019-11-22  |y BK  |k ART